|
|
|
|
| LEADER |
00000nam a22000007a 4500 |
| 005 |
20191003224847.0 |
| 007 |
cr|||| |||| |
| 008 |
191003s2019 fr |||||s|||| 00||0 fra d |
| 020 |
|
|
|a 9786138470878
|
| 035 |
|
|
|a 29170
|
| 040 |
|
|
|a vLex
|
| 090 |
|
|
|c 9704
|d 9704
|
| 100 |
1 |
|
|a Bwanga Anembali, Blaise
|
| 245 |
1 |
2 |
|a La place des rǧimes matrimoniaux en droit congolais et compar ̌
|h [Recurso electrn̤ico] /
|c Blaise Bwanga Anembali
|
| 256 |
|
|
|a Servicio en ln̕ea
|
| 260 |
|
|
|a Pars̕:
|b Éditions Universitaires Europěnes,
|c 2019
|
| 300 |
|
|
|a 1 recurso electrn̤ico
|
| 500 |
|
|
|a Parler des rǧimes matrimoniaux, c'est faire allusion ̉la gestion du patrimoine d'un couple vivant dans la vie de mariage. Le mariage, quant ̉lui, est un mot qui prt̊e beaucoup de confusion et succite depuis un temps d'encre et salives. Dans notre livre, nous nous sommes forcš non seulement ̉traiter des rǧimes matrimoniaux en R.D.Congo et dans certains pays selon les systm̈es juridiques ciblš mais aussi nous sommes investis ̉montrer le comportement des lǧislateurs face au rl̥e et l'importance du rǧime matrimonial pour la gestion des biens dans un couple. Et cela juste aprs̈ lever l'equivoque autour de la polm̌ique entre le mariage et les autres liens en couple assimilš au mariage.
|
| 506 |
1 |
|
|a Disponible solo en los productos indicados
|d vLex Global
|d vLex Global (Academic Edition, excluding Law Schools)
|d vLex Global (U.S. Academic Edition, Law Schools)
|d vLex Global (U.S. Academic Edition, excluding Law Schools)
|d vLex Global (Academic Edition, Law Schools)
|
| 650 |
0 |
4 |
|a Derecho Pb︢lico y Administrativo
|z Francia
|
| 740 |
0 |
|
|a vLex Libros (Servicio en ln̕ea)
|
| 856 |
4 |
0 |
|u http://vlex.com/source/29170
|z Acceso restringido
|
| 942 |
|
|
|c BOOK
|
| 999 |
0 |
|
|a Public and Administrative Law
|